MLB, MLS, NBA, NFL or NHL? #1 - Statistics

General Stats
  • This quiz has been taken 2,234 times
  • The average score is 21 of 25
Answer Stats
Hint Answer % Correct
Chicago Bulls NBA
91%
New York City FC MLS
90%
Charlotte FC MLS
90%
New England Patriots NFL
89%
Denver Broncos NFL
88%
Jacksonville Jaguars NFL
87%
Minnesota United MLS
86%
Los Angeles Chargers NFL
86%
Toronto Maple Leafs NHL
86%
New York Mets MLB
85%
Montreal Canadiens NHL
85%
Houston Texans NFL
84%
Anaheim Ducks NHL
84%
Houston Astros MLB
83%
New Orleans Pelicans NBA
83%
Colorado Avalanche NHL
83%
Sporting Kansas City MLS
82%
Seattle Mariners MLB
79%
Los Angeles Angels MLB
79%
New York Red Bulls MLS
79%
Arizona Cardinals NFL
77%
Florida Panthers NHL
76%
Colorado Rockies MLB
74%
Washington Nationals MLB
71%
San Jose Earthquakes MLS
69%
No matching quizzes found
Score Distribution
Percent of People with Each Score
Percentile by Number Answered
Your Score History
You have not taken this quiz